000 00524nam a2200169Ia 4500
008 090711s9999 xx 000 0 und d
082 _b53505
100 _aरामदासी मारुतीबुवा
245 _aज्ञानयोग
260 _c1983
300 _a100
600 _aरामदासी मारुतीबुवा
630 _aज्ञानयोग
700 _aरामदासी मारुतीबुवा
730 _aज्ञानयोग
942 _cBOOK
999 _c283548
_d283548